000 00460nam a22001697a 4500
003 OSt
005 20221006151154.0
008 221006b |||||||| |||| 00| 0 eng d
020 _a84-89152-25-x
040 _cBiblioteca Lado V
082 _a708
_bZ39t
100 _985
_aZaya, Octavio
_ecomisario
245 _aTransatlántico/
260 _aCanarias
_bGráficas Deva
_c1998
300 _a294p.
_c24x28cm
942 _2ddc
_c1
_h708
_iZ39t
_n0
999 _c2194
_d2194